| 000 | 00702nam a22002177a 4500 | ||
|---|---|---|---|
| 999 |
_c18426 _d18426 |
||
| 003 | AR-CdUCM | ||
| 008 | 190514b ||||| |||| 00| 0 spa d | ||
| 040 |
_aMUNICIPALIDAD PROVINCIAL DEL CUSCO _cBIBLIOTECA MUNICIPAL DEL CUSCO |
||
| 082 |
_a838.96 / _bZ97 |
||
| 100 |
_aZweig, Stefan _910851 |
||
| 245 | _aHolderlin / | ||
| 260 |
_aBarcelona : _bG. P., _c1959. |
||
| 300 |
_a125 páginas ; _c18 cm |
||
| 505 | _aContenido: La pléyade sagrada -- Infancia -- La imagen del poeta -- La misión del poeta... | ||
| 650 |
_aPoesía _9444 |
||
| 650 |
_aPléyade _939005 |
||
| 650 |
_aNovela _95 |
||
| 700 |
_aVerdaguer, Joaquin (traducción) _939006 |
||
| 942 |
_2ddc _cLIBROS |
||
| 945 |
_adavv _d2019-05-14 |
||